One Piece Weapons Quiz Stats

 Plays Quiz not verified by Sporcle

Support Sporcle.
Go Orange.
Score 0/71 Timer 20:00
0 Plays Today
Hint Answer % Correct
Great Grade SwordsShusui
78.2%
Great Grade SwordsEnma
73.1%
Other WeaponsPluton
67.9%
Great Grade SwordsWado Ichimonji
66.7%
Other WeaponsPoseidon
66.7%
Other WeaponsUranus
66.7%
Supreme Grade SwordsYoru
65.4%
Grade SwordsSandai Kitetsu
65.4%
Other WeaponsZeus
64.1%
Other WeaponsClima Tact
60.3%
Other SwordsNapoleon
57.7%
Great Grade SwordsNidai Kitetsu
56.4%
RobotsPacifista
55.1%
Other WeaponsPrometheus
53.8%
Skillful Grade SwordsYubashiri
48.7%
Other WeaponsRaid Suit
47.4%
Other SwordsFunkfreed
46.2%
Projectile WeaponsKabuto
38.5%
Other WeaponsSmiley
38.5%
Supreme Grade SwordsShodai Kitetsu
37.2%
RobotsGeneral Franky
34.6%
Great Grade SwordsAme no Habakiri
33.3%
Unknown Grade SwordsDurandal
30.8%
Projectile WeaponsLassoo
30.8%
Unknown Grade SwordsPretzel
28.2%
Other SwordsGryphon
28.2%
Grade SwordsShigure
26.9%
Other SwordsKikoku
25.6%
AmmoBuggy Ball
25.6%
Other SwordsSoul Solid
21.8%
AmmoMuggy Ball
21.8%
AmmoPop Green
21.8%
Other WeaponsShinokuni
21.8%
Supreme Grade SwordsMurakumogiri
19.2%
Skillful Grade SwordsKashu
17.9%
Unknown Grade SwordsOto
16.7%
Hint Answer % Correct
Other Blade WeaponsCat Claws
16.7%
Projectile WeaponsKuro Kabuto
15.4%
Unknown Grade SwordsKogarashi
14.1%
Other WeaponsPerfect Clima Tact
14.1%
Unknown Grade SwordsRaiu
12.8%
Other SwordsKiribachi
11.5%
Other Blade WeaponsKogatana
11.5%
Other Blade WeaponsPeacock Slashers
11.5%
Other Blade WeaponsMogura
11.5%
Other WeaponsSorcery Clima Tact
11.5%
Unknown Grade SwordsShirauo
10.3%
Other Blade WeaponsKirisame
10.3%
Other WeaponsKoro
10.3%
Skillful Grade SwordsYamaoroshi
9%
Other SwordsEisen Whip
7.7%
Other SwordsTerry Sword
6.4%
Other SwordsBamboo
6.4%
Other SwordsFranken
6.4%
Other Blade WeaponsBruiser Axe
6.4%
Other SwordsSoto Muso
6.4%
Other SwordsSame-kiri Bocho
5.1%
Other SwordsKaken
5.1%
Projectile WeaponsYellow Gun
5.1%
Projectile WeaponsGero Gero Gun
5.1%
Projectile WeaponsSenriku
5.1%
Other Blade WeaponsHeat Javelin
5.1%
Other Blade WeaponsKessui
5.1%
Projectile WeaponsGiga Pachinko
3.8%
Projectile WeaponsKX Launcher
2.6%
AmmoCandy Jacket
2.6%
Projectile WeaponsRoyal Drum Crown 7-Shot Bliking Cannon
1.3%
Other WeaponsNanashaku Jitte
1.3%
AmmoExcite Bullets
0%
Other WeaponsGorilla Puncher 13
0%
Other WeaponsNonosama Bo
0%

You're not logged in!

Compare scores with friends on all Sporcle quizzes.
OR
Log In

From the Vault

Star Wars or Spaceballs?

by MrChewypoo

May the force or schwartz be with you.
Remove Ads.
Support Sporcle.
Get the best of Sporcle when you Go Orange. This ad-free experience offers more features, more stats, and more fun while also helping to support Sporcle. Thank you for becoming a member.

Show Comments

Extras

Created Feb 16, 2020ReportNominate
Tags:One Piece, piece

Top Quizzes Today


Score Distribution

Your Account Isn't Verified!

In order to create a playlist on Sporcle, you need to verify the email address you used during registration. Go to your Sporcle Settings to finish the process.

Report this User

Report this user for behavior that violates our Community Guidelines.

Details: